000 00400 a2200169 4500
001 191396
020 _a978-85-01-07241-2
040 _cMagnum
100 _aZiegesar, Cecily Von
240 1 0 _aGossip girl: eu quero tudo!
_lpor
245 1 0 _aGossip girl: eu quero tudo!
300 _a287
362 0 _a2007
440 1 _aGalera Record
697 _aLITERATURA JUVENIL ESTRANGEIRA
942 _cBK
999 _c191396
_d191396